| 000 | 00492nam a2200157 a 4500 | ||
|---|---|---|---|
| 001 | 000016498 | ||
| 005 | 20200929164924.0 | ||
| 008 | 100305s1988 dr a 000 0 spa d | ||
| 040 | _aDO-SdBNP | ||
| 082 |
_axxx _bG943u |
||
| 245 | 0 | 0 |
_aGuía de las universidades de Santo Domingo / _cEditora Elsa Alcántara. |
| 260 |
_aSanto Domingo : _bFundación Friedrich Ebert, _c1988. |
||
| 300 |
_a254 p. : _bil. ; _c23 cm. |
||
| 590 | _aInventariado, 2019/ YL | ||
| 700 | 1 |
_aAlcántara, Elsa, _eed. _936729 |
|
| 999 |
_c16033 _d16033 |
||